000
00278nam a2200109Ia 4500
008
231129s9999||||xx |||||||||||||| ||spa||
040
_b
spa
082
_a
190 G752
245
0
_a
Las grandes corrientes del pensamiento contemporáneo. -
264
_a
Guadarrama
942
_2
ddc
_c
BKS
999
_c
18747
_d
18747